Doña nostalgia /

Guardado en:
Autor Principal: Pessoa, Cláudia
Otros Autores: Neves, André; il., Sagardoy, Walter; trad.
Formato: Libro
Publicado: Buenos Aires : V&r, 2013
Materias:
Etiquetas: Agregar Etiqueta
Sin Etiquetas, Sea el primero en etiquetar este registro!
LEADER 00832nam a22002415a 4500
001 CEM.cems015406
008 130507s2013##################000#0#####d
005 20250326140139.0
245 1 0 |a Doña nostalgia /  |c Cláudia Pessoa ; ilustrado Por André Neves ; traducido Por Walter Sagardoy 
260 |a Buenos Aires :  |b V&r,  |c 2013 
300 |a 24 p. 
020 |a 9789876125543 
100 1 |a Pessoa, Cláudia 
700 1 |a Neves, André; il. 
700 1 |a Sagardoy, Walter; trad. 
082 0 4 |a B869.34 
653 |a Literatura 
653 |a Literatura brasilera 
653 |a Literatura infantil 
653 |a Cuentos infantiles 
653 |a Colección ciencias de la educación 
859 |a CEMS  |b BIB. CEMS - Inicial y Primaria  |h B869.34  |i P439  |k IP  |p 3997  |t Ej.1 
859 |a CEMS  |b BIB. CEMS - Ccias. Educacion  |h B869.34  |i P439  |k CE  |p 28845.19  |t Ej.1